VRAI / FAUX Ligne 6 du métro parisien - Statistiques

Statistiques générales
  • Ce quiz a été pris 12 fois
  • Le résultat moyen est 28 sur 55
Statistiques - réponses
Question Réponse % Correct
La station Kléber est située juste après l'un des terminus, la station Charles de Gaulle-Etoile. VRAI
100%
La station Dupleix se trouve sur l'emplacement de la guillotine au XIXe siècle FAUX
83%
La station Pasteur est à l'origine un lieu de rencontre des deux compagnies qui construisent le métro, la Compagnie du chemin de fer métropolitain de Paris (CMP) et la Société du chemin de fer électrique souterrain Nord-Sud de Paris VRAI
83%
La station Corvisart est dans le XIIIe arrondissement VRAI
83%
La station Chevaleret est une station aérienne du XIIIe arrondissement VRAI
83%
La station Daumesnil est sous-titrée Felix Eboué depuis 1946 VRAI
83%
La station Bel-Air est aérienne VRAI
83%
La station Trocadéro est sous-titrée "Champs de mars" sur les quais de la ligne 6 FAUX
67%
Dès 1907, la station Sèvres-Lecourbe devient la station Rue Lecourbe FAUX
67%
En 2013, pour aider les voyageurs à mieux la situer la station Sèvres-Lecourbe prend son nom actuel FAUX
67%
La station Glacière est établie sur l'ancien territoire du village de Glacière FAUX
67%
La station Nationale est ouverte en 1909 sous le nom de Nation FAUX
67%
En 1998, après la victoire à la Coupe du monde de football des Français, la station Bercy est brièvement renommée Bercy les Bleus FAUX
67%
On peut voir la station Passy dans de nombreux films dont Quai des Orfèvres en 1947 et Peur sur la ville en 1975 VRAI
67%
Un des accès de la station La Motte-Picquet-Grenelle est situé avenue de Suffren, un axe rendant lui aussi hommage à un marin VRAI
67%
Bien que située près de la place Cambronne, tous les accès de la station du même nom sont sur le boulevard Garibaldi VRAI
67%
Les quais de la ligne 12 de la station Pasteur présentent des travaux de recherches menés par Louis Pasteur. VRAI
67%
La station Edgar Quinet est située à côté de la station Montparnasse-Bienvenüe sur la ligne 6 VRAI
67%
Si je veux me rendre dans un des lieux de spectacle de la rue de la Gaîté, il est judicieux de descendre à la station Edgar Quinet VRAI
67%
En 1918, lors d'un bombardement allemand, une torpille explose devant la station Corvisart VRAI
67%
En 1978, Françoise Hardy et Jacques Dutronc interprètent le titre Brouillard dans la rue Corvisart. Les paroles sont de Michel Jonasz VRAI
67%
Le nom de la station Nationale rend hommage à la garde nationale VRAI
67%
Je peux me rendre à la Bibliothèque Nationale de France site François Mitterrand en descendant à la station Quai de la gare ou depuis 1998 par la station Bibliothèque François Mitterrand VRAI
67%
La station Bel-Air a été fermée de 1939 à 1963. VRAI
67%
On peut rendre visite à la tombe de La Fayette en descendant à la station Picpus VRAI
67%
L'oeuvre Night and Day de Judy Ledgerwood qui orne depuis 2008 la station Bir Hakeim a été échangée contre un édicule Guimard pour le métro de New York FAUX
50%
La station La Motte-Picquet-Grenelle est ouverte en 1906 sous ce nom FAUX
50%
Le 1er avril 2012, la station Saint-Jacques est renommée pour la journée "Coquille" FAUX
50%
La ligne 6 mesure 15 km et comporte 30 stations FAUX
50%
La signalétique de la ligne 6 est le chiffre 6 en noir sur un rond vert, signalétique identique à la ligne 7 FAUX
50%
La ligne 6 était conçue au départ pour être une ligne circulaire sur le modèle de ce qui existe dans le métro de Londres VRAI
50%
La station Trocadéro est ouverte comme terminus d'un embranchement de la ligne 1 en 1900 VRAI
50%
Si je veux me rendre au cimetière de Passy, il est judicieux de descendre à Trocadéro VRAI
50%
La station Bir-Hakeim est ouverte en 1906 sous le nom de Grenelle VRAI
50%
La station Bercy permet l'accès à la gare de Bercy VRAI
50%
La station Dugommier a pris son nom actuel en 1939 VRAI
50%
La station Trocadéro est une des première à être dotée d'un trottoir roulant, avant la guerre de 1914-1918 FAUX
33%
La station Bir-Hakeim a pris son nom actuel en 1969 FAUX
33%
Charles Trenet dans sa chanson Revoir Paris (1949) cite La Motte-Piquet : "Car sans Paris, la Seine et les quais, et La Motte-Piquet, je sens qu'il me manquait trop de choses" FAUX
33%
La station Quai de la gare évoque une gare de chemin de fer disparue FAUX
33%
La ligne 6 compte 5 tronçons aériens ce qui en fait la plus aérienne des lignes du métro parisien VRAI
33%
La station Passy est partiellement souterraine VRAI
33%
Un célèbre résistant, André Dewavrin, a choisi pour pseudonyme Colonel Passy, s'inspirant du nom de la station VRAI
33%
Le nom de Grenelle présent dans celui de plusieurs stations de la ligne 6 conserve la mémoire d'un village VRAI
33%
On accède à la station Saint-Jacques par un édicule VRAI
33%
La station Picpus est sous-titrée Courteline en hommage à un auteur dramatique VRAI
33%
La station Picpus se nomme d'abord Saint-Mandé VRAI
33%
La station Boissière doit son nom à un ancien village FAUX
17%
La station Dugommier s'est d'abord appelée Charenton lors de son inauguration en 1906 FAUX
17%
La station Picpus a pris son nom en 1937. Il évoque un ancien village FAUX
17%
Le 1er avril 2017, la station Passy est brièvement renommée Reste Passy près du bord VRAI
17%
Avenue de Suffren est le nom de la station Sèvres-Lecourbe à son ouverture en 1906 VRAI
17%
La station Boissière a été inaugurée le 2 décembre 1900. FAUX
0%
En 2000, la station Bir Hakeim reçoit le sous-titre de "Tour Eiffel" à la place de celui de "Grenelle" FAUX
0%
Le nom de la station Chevaleret lui vient d'un hameau d'Ivry-sur-Seine VRAI
0%
Aucun quiz correspondant
Distribution des résultats
% des personnes avec chaque résultat
Percentile par nombre de réponses
Votre historique - résultats
Vous n’avez pas pris ce quiz